| 000 | 01048nam2a2200277 4500 | ||
|---|---|---|---|
| 001 | RU\NLR\bibl\1748756 | ||
| 005 | 20250616115727.0 | ||
| 021 |
_aRU _b2011-15197 _91079 |
||
| 021 |
_aRU _b2011-18265 _91293 |
||
| 035 | _a(NLR Aleph) 001739628 | ||
| 090 |
_a1451106 _c1451106 |
||
| 100 | _a20110321d2010 |||y0rusy50 ca | ||
| 101 | 0 | _arus | |
| 102 | _aRU | ||
| 105 | _ay ||||||||| | ||
| 200 | 1 |
_aШ-Я _iА-Т (дополнительно) _f[С.Н. Баймухамедова и др.] |
|
| 210 |
_d2010 _aБ. м. |
||
| 215 |
_a196, [1] с. _cил., цв. ил. |
||
| 461 | 0 |
_1001RU\NLR\bibl\130154 _12001#$aНазовем поименно$vТ. 7, [2] с. _9727472 _cАстрахань _d2000 _fВ.И. Вечтомова и др.] _nВолга _oРос. Федерация, Астрах. обл. : [В 5 т. _tНазовем поименно _vТ. 7, [2] с. |
|
| 702 | 1 |
_aБаймухамедова _bС. Н. _4220 |
|
| 801 | 0 |
_aRU _bNLR _c20110321 _gRCR |
|
| 801 | 1 |
_aRU _bNLR _c20110321 |
|
| 942 | _cBOOK | ||
| 980 | _aNB | ||